[Event "AUTO-BEG-417"]
[Site "http://www.queenalice.com/game.php?id=883427"]
[Date "2011.1.9"]
[Round "2"]
[White "Gil"]
[Black "imbroisi"]
[Result "1-0"]
[WhiteElo "2303"]
[BlackElo "1607"]

1. d4 d5 2. Nf3 Nf6 3. c4 dxc4 4. Nc3 a6 5. e4 Bg4 6. h3 Bxf3 7. Qxf3 Qxd4 8.
Be3 Qd6 9. e5 Qxe5 10. Qxb7 Nfd7 11. Qc8# 1-0

[Event "AUTO-BEG-418"]
[Site "http://www.queenalice.com/game.php?id=910547"]
[Date "2011.3.9"]
[Round "3"]
[White "Gil"]
[Black "imbroisi"]
[Result "1-0"]
[WhiteElo "2232"]
[BlackElo "1646"]

1. d4 d5 2. Nf3 Nf6 3. e3 Bf5 4. c4 dxc4 5. Bxc4 g6 6. O-O Bg7 7. Nc3 O-O 8. Re1
Ne4 9. Qb3 e6 10. Qxb7 Nd7 11. Nxe4 Rb8 12. Qxa7 Bxe4 13. Qa3 Bxf3 14. gxf3 Qg5+
15. Kh1 Rfd8 16. Rg1 Qf5 17. e4 Qh5 18. Rg5 Qh4 19. Rg3 Bxd4 20. Bg5 Qh5 21.
Bxd8 Rxd8 22. Rd1 Bxf2 23. Rg2 Qh4 24. b4 Bb6 25. Rgd2 Be3 26. Qxe3 f5 27. Bxe6+
Kf8 28. Rxd7 Rxd7 29. Rxd7 1-0

[Event "AUTO-BEG-418"]
[Site "http://www.queenalice.com/game.php?id=910548"]
[Date "2011.3.9"]
[Round "3"]
[White "imbroisi"]
[Black "Gil"]
[Result "0-1"]
[WhiteElo "1648"]
[BlackElo "2240"]

1. e4 e6 2. Nf3 d5 3. exd5 exd5 4. d4 Nc6 5. Bd3 Be6 6. Nc3 Nf6 7. Bg5 Be7 8.
O-O O-O 9. Ne5 h6 10. Nxc6 bxc6 11. Qf3 hxg5 12. Bf5 Bxf5 13. Qxf5 Rb8 14. Qxg5
Rxb2 15. Qc1 Rb4 16. a3 Rxd4 17. Qe3 Bc5 18. Qf3 g6 19. g3 Kg7 20. Ne2 Rc4 21.
c3 Ne4 22. Nd4 Rxc3 23. Qd1 Qf6 24. Ne2 Bxf2+ 25. Kh1 Qf3# 0-1

[Event "AUTO-BEG-419"]
[Site "http://www.queenalice.com/game.php?id=913115"]
[Date "2011.3.15"]
[Round "2"]
[White "imbroisi"]
[Black "Dolskkier"]
[Result "0-1"]
[WhiteElo "1644"]
[BlackElo "2214"]

1. e4 c6 2. Bc4 d5 3. exd5 cxd5 4. Bb3 Nf6 5. d4 Nc6 6. Nc3 Bf5 7. Qf3 Nxd4 8.
Ba4+ Bd7 9. Bxd7+ Qxd7 10. Qd3 Qg4 11. g3 e5 12. Be3 Bc5 13. Bxd4 Qxd4 14. Qb5+
Nd7 15. Nh3 Qg4 16. Nxd5 Qe4+ 17. Ne3 Qxh1+ 18. Nf1 Qg2 19. Ng5 Qxf2+ 0-1

[Event "AUTO-BEG-419"]
[Site "http://www.queenalice.com/game.php?id=913122"]
[Date "2011.3.15"]
[Round "2"]
[White "imbroisi"]
[Black "Leo_cx"]
[Result "1-0"]
[WhiteElo "1642"]
[BlackElo "1607"]

1. e4 e5 2. Nf3 d6 3. Bc4 Be6 4. Bxe6 fxe6 5. d3 Qf6 6. Nc3 Qg6 7. O-O Nf6 8.
Nb5 Na6 9. b4 c6 10. Nxd6+ Bxd6 11. Nh4 Qf7 12. c4 Bxb4 13. Rb1 Bc5 14. Nf3 Bd4
15. Bb2 Qh5 16. Bxd4 exd4 17. Nxd4 Qxd1 18. Rfxd1 c5 19. Nxe6 g6 20. Rxb7 Rc8
21. Rxa7 Nb4 22. Rb1 Nxd3 23. Rbb7 Ng8 24. Ng7+ Kd8 25. Rd7# 1-0

[Event "AUTO-BEG-419"]
[Site "http://www.queenalice.com/game.php?id=913123"]
[Date "2011.3.15"]
[Round "2"]
[White "Leo_cx"]
[Black "imbroisi"]
[Result "0-1"]
[WhiteElo "1535"]
[BlackElo "1641"]

1. e3 d5 2. d4 Nc6 3. Bb5 Bd7 4. Bxc6 Bxc6 5. a4 a5 6. c3 Nf6 7. g4 e6 8. g5 Ne4
9. f4 g6 10. Nd2 Nxd2 11. Bxd2 Bg7 12. Nf3 O-O 13. b4 axb4 14. cxb4 Bd7 15. O-O
Qe8 16. a5 b6 17. axb6 Rxa1 18. Qxa1 cxb6 19. Qa6 Bb5 20. Qxb6 Bxf1 21. Kxf1 Qa8
22. b5 Rb8 23. Qc6 Qb7 24. Ne5 Bxe5 25. dxe5 Qxb5+ 26. Qxb5 Rxb5 27. Ke2 Rb2 28.
h3 Kg7 29. Kd3 Rb1 30. Kd4 Rh1 31. Kc5 Rxh3 32. Kd6 Rh2 33. Bb4 h5 34. Kd7 h4
35. Ke8 Re2 36. Bf8+ Kg8 37. Bc5 h3 38. Ke7 h2 39. Kf6 h1=Q 40. e4 Qxe4 41. f5
Qxe5+ 42. Ke7 Qxf5 43. Kd7 Qxg5 44. Be7 Qxe7+ 45. Kxe7 d4 46. Kd6 d3 0-1

[Event "AUTO-INT-2047"]
[Site "http://www.queenalice.com/game.php?id=943889"]
[Date "2011.5.29"]
[Round "1"]
[White "Ricardoabreu"]
[Black "imbroisi"]
[Result "1-0"]
[WhiteElo "1604"]
[BlackElo "1657"]

1. e3 e5 2. b3 g6 3. Bb2 Bg7 4. g3 e4 5. Bxg7 Nh6 6. Bxh8 f6 7. Bg2 d5 8. Nc3
Nf7 9. Bxf6 Qxf6 10. Nxd5 Qe5 11. Nf4 Bg4 12. Qc1 Nc6 13. Bh3 Bf3 14. Nxf3 exf3
15. Bg4 Qe4 16. Qd1 Nfe5 17. d3 Qd5 18. Nxd5 h5 19. Nxc7+ 1-0

[Event "AUTO-INT-2047"]
[Site "http://www.queenalice.com/game.php?id=943890"]
[Date "2011.5.29"]
[Round "1"]
[White "imbroisi"]
[Black "Ricardoabreu"]
[Result "1-0"]
[WhiteElo "1624"]
[BlackElo "1595"]

1. e4 b6 2. Bc4 Bb7 3. Qf3 e6 4. Qg4 g6 5. d3 Bg7 6. Nf3 Nc6 7. Nc3 Bxc3+ 8.
bxc3 Na5 9. Bb3 Qf6 10. Bb2 O-O-O 11. Qg5 Qg7 12. Rb1 f6 13. c4 e5 14. Qd2 Nh6
15. c5 d6 16. cxb6 axb6 17. d4 Bxe4 18. dxe5 dxe5 19. Qe3 Bb7 20. O-O Rd6 21. c4
Ba6 22. Rfd1 Rxd1+ 23. Rxd1 Nxc4 24. Bxc4 Bxc4 25. Nxe5 fxe5 26. Bxe5 Qe7 27.
Bxh8 Qxe3 28. fxe3 Bxa2 29. Ra1 Bd5 30. Re1 Ng4 31. Bg7 h5 32. h3 Nxe3 33. Rxe3
Kb7 34. Re7 b5 35. Be5 b4 36. Bxc7 Kc6 37. Rg7 b3 38. Be5 Bc4 39. Rxg6+ Kd5 40.
Rg5 Ke4 41. Rxh5 Kd5 42. Kf2 Ke4 43. Ke1 Kd3 44. Kd1 Ke4 45. Kc1 Kd3 46. Kb2 Ke4
47. g4 Kd3 48. g5 Ke4 49. g6 Kd3 50. g7 1-0

[Event "AUTO-INT-2047"]
[Site "http://www.queenalice.com/game.php?id=943903"]
[Date "2011.5.29"]
[Round "1"]
[White "imbroisi"]
[Black "Severynnas"]
[Result "1-0"]
[WhiteElo "1639"]
[BlackElo "1240"]

1. e4 e5 2. Nf3 Bc5 3. Nxe5 f6 4. Qh5+ g6 5. Nxg6 d6 6. Nxh8+ Kd7 7. Qf7+ Ne7 8.
Qxh7 d5 9. exd5 c6 10. dxc6+ Kxc6 11. Ng6 Nxg6 12. Qxg6 Bd7 13. Bc4 b6 14. Qe4+
Kc7 15. Qxa8 Qe8+ 16. Be2 a5 17. Nc3 Bd6 18. Nd5+ Kc8 19. Nxb6+ Kd8 20. Nxd7
Kxd7 21. Qxa5 f5 22. Qxf5+ Kc7 23. d4 Qa4 24. b3 Qc6 25. O-O Na6 26. Bxa6 Qxa6
27. Bf4 Qc6 28. Bxd6+ Qxd6 29. d5 Kb6 30. Qe6 Qxe6 31. dxe6 Kc6 32. Rfe1 Kc5 33.
e7 Kd6 34. e8=Q Kd5 35. Rad1+ Kc5 36. Qc8+ Kb5 37. c3 Kb6 38. Re5 Ka7 39. Qc7+
Ka6 40. Rd6# 1-0

[Event "AUTO-INT-2047"]
[Site "http://www.queenalice.com/game.php?id=943904"]
[Date "2011.5.29"]
[Round "1"]
[White "Severynnas"]
[Black "imbroisi"]
[Result "0-1"]
[WhiteElo "1226"]
[BlackElo "1622"]

1. d4 d5 2. Bf4 Bf5 3. Nc3 Nc6 4. Qd2 Nf6 5. O-O-O e6 6. Na4 Ne4 7. Qe3 Bd6 8.
b3 Bxf4 9. Qxf4 Qf6 10. f3 Nf2 11. Qxc7 O-O 12. Re1 Qxd4 13. Qxb7 Rfc8 14. Qd7
Nxh1 15. e3 Qh4 16. Rd1 Nf2 17. Rd2 Nb4 18. g3 Qh6 19. Qb5 Rab8 20. Qe2 Nxc2 21.
Kb2 Qf6+ 22. Kc1 Qa1# 0-1

[Event "AUTO-INT-2047"]
[Site "http://www.queenalice.com/game.php?id=943905"]
[Date "2011.5.29"]
[Round "1"]
[White "imbroisi"]
[Black "VFA"]
[Result "0-1"]
[WhiteElo "1639"]
[BlackElo "1815"]

1. e4 e5 2. Nf3 Nc6 3. Bc4 h6 4. c3 Nf6 5. d4 exd4 6. e5 Ne4 7. cxd4 Bb4+ 8. Bd2
Bxd2+ 9. Nbxd2 Nxd2 10. Qxd2 O-O 11. O-O d6 12. d5 Nxe5 13. Nxe5 dxe5 14. Rfe1
Qf6 15. Qc3 Re8 16. Bb5 Re7 17. Rad1 Bd7 18. Bxd7 Rxd7 19. Rxe5 Rad8 20. Qc2 c6
21. Rde1 g6 22. dxc6 Qxe5 23. Kf1 Qb5+ 24. Re2 Rd1+ 0-1

[Event "AUTO-INT-2047"]
[Site "http://www.queenalice.com/game.php?id=943906"]
[Date "2011.5.29"]
[Round "1"]
[White "VFA"]
[Black "imbroisi"]
[Result "1-0"]
[WhiteElo "1833"]
[BlackElo "1630"]

1. e4 e5 2. Nf3 Nc6 3. Nc3 Nf6 4. Bb5 Nd4 5. Nxe5 Nxb5 6. Nxb5 Nxe4 7. Qe2 d5 8.
d3 c6 9. Nd4 Bd6 10. Nef3 Be5 11. Nxe5 Qc7 12. Nef3 Qb6 13. dxe4 O-O 14. O-O
dxe4 15. Qxe4 c5 16. Ng5 g6 17. Qh4 h5 18. Ndf3 Bg4 19. h3 Bxf3 20. Nxf3 c4 21.
Bh6 Rfe8 22. b3 cxb3 23. cxb3 a5 24. Nd2 Rad8 25. Nc4 Qc5 26. Qf6 Qd4 27. Bg5 b5
28. Nxa5 Rd6 29. Qxd4 Rxd4 30. Rfe1 Red8 31. Bxd8 1-0

[Event "QA-ANNIV-07"]
[Site "http://www.queenalice.com/game.php?id=950792"]
[Date "2011.6.16"]
[Round "1"]
[White "imbroisi"]
[Black "Cthulhu"]
[Result "0-1"]
[WhiteElo "1653"]
[BlackElo "2623"]

1. e4 c5 2. Bc4 e6 3. d3 d5 4. exd5 exd5 5. Bb5+ Nd7 6. Nf3 Qa5+ 7. Nc3 d4 8.
Bxd7+ Bxd7 9. Qe2+ Ne7 10. Bd2 dxc3 11. Bxc3 Qc7 12. Be5 Qc6 13. O-O f6 14. Bf4
O-O-O 15. d4 g5 16. Bg3 h5 17. Nxg5 Nf5 18. Nf7 Re8 19. Qc4 Be6 20. Qd3 c4 21.
Qc3 Bxf7 22. d5 Bxd5 23. Qxf6 Qxf6 0-1

[Event "AUTO-INT-2079"]
[Site "http://www.queenalice.com/game.php?id=957703"]
[Date "2011.7.7"]
[Round "1"]
[White "Wecker"]
[Black "imbroisi"]
[Result "0-1"]
[WhiteElo "1461"]
[BlackElo "1644"]

1. e4 e5 2. Bc4 Nf6 3. Nf3 d6 4. Nc3 Bg4 5. h3 Bh5 6. g4 Bg6 7. d3 d5 8. exd5
Bb4 9. Bd2 c6 10. dxc6 Nxc6 11. Qe2 Nd4 12. Nxd4 Qxd4 13. Nb5 Bxd2+ 14. Qxd2 O-O
15. Nxd4 exd4 16. O-O-O Rad8 17. f3 Nd5 0-1

[Event "AUTO-INT-2079"]
[Site "http://www.queenalice.com/game.php?id=957704"]
[Date "2011.7.7"]
[Round "1"]
[White "imbroisi"]
[Black "Wecker"]
[Result "1-0"]
[WhiteElo "1653"]
[BlackElo "1452"]

1. e4 d6 2. d4 Nf6 3. Nc3 e5 4. dxe5 dxe5 5. Bg5 Qxd1+ 6. Rxd1 Be7 7. Nf3 Nc6 8.
Bb5 Bg4 9. Bxf6 Bxf6 10. Nd5 O-O-O 11. Bxc6 bxc6 12. Nxf6 gxf6 13. Rxd8+ Rxd8
14. O-O Bxf3 15. gxf3 Rg8+ 16. Kh1 Rg5 17. h3 Rh5 18. Kh2 1-0

[Event "AUTO-INT-2079"]
[Site "http://www.queenalice.com/game.php?id=957717"]
[Date "2011.7.7"]
[Round "1"]
[White "imbroisi"]
[Black "Oguh"]
[Result "1-0"]
[WhiteElo "1625"]
[BlackElo "1711"]

1. e4 e5 2. Nf3 Nc6 3. Nc3 Bb4 4. Bc4 Nf6 5. d4 Bxc3+ 6. bxc3 d6 7. Bb5 Bd7 8.
Bxc6 Bxc6 9. Bg5 Bxe4 10. Bxf6 Qxf6 11. Nd2 Bxg2 12. Rg1 Bh3 13. Ne4 Qf5 14. Qd3
d5 15. Qb5+ Qd7 16. Qxb7 Qd8 17. Qc6+ Bd7 18. Qxd5 exd4 19. Rxg7 Be6 20. Qxd4
Qxd4 21. cxd4 Kf8 22. Rg3 Rb8 23. Nf6 Re8 24. Nxe8 Kxe8 25. Re3 c6 26. c4 Kd7
27. Rd1 Bxc4 28. Rb1 Kd6 29. a4 a5 30. Rb7 Ra8 31. Rc3 Re8+ 32. Kd1 Be2+ 33. Kc1
Bf3 34. Rxf3 f6 35. Rxf6+ Kd5 36. Rd7+ Ke4 37. Kd2 h5 38. f3# 1-0

[Event "AUTO-INT-2079"]
[Site "http://www.queenalice.com/game.php?id=957718"]
[Date "2011.7.7"]
[Round "1"]
[White "Oguh"]
[Black "imbroisi"]
[Result "1-0"]
[WhiteElo "1684"]
[BlackElo "1651"]

1. e4 e5 2. Nf3 d6 3. Nc3 Nf6 4. d4 exd4 5. Nxd4 g6 6. Bg5 c5 7. Nd5 Bg7 8. Qf3
Nbd7 9. Bb5 O-O 10. Bxd7 Bxd7 11. Bxf6 Bxf6 12. Qxf6 Re8 13. Qxd8 Raxd8 14. Nf6+
Kf8 15. Nxe8 Rxe8 16. Ne2 Rxe4 17. Rd1 Bb5 18. Rd2 a5 19. f3 Re8 20. b3 d5 21.
Kd1 d4 22. Re1 Bd7 23. Nf4 Rxe1+ 24. Kxe1 b5 25. Nd5 a4 26. b4 Be6 27. Nc7 cxb4
28. Nxe6+ fxe6 29. Rxd4 b3 30. cxb3 1-0

[Event "AUTO-INT-2079"]
[Site "http://www.queenalice.com/game.php?id=957719"]
[Date "2011.7.7"]
[Round "1"]
[White "imbroisi"]
[Black "MarceloF"]
[Result "0-1"]
[WhiteElo "1645"]
[BlackElo "1786"]

1. e4 c5 2. Bc4 e6 3. Nf3 Nc6 4. d4 cxd4 5. Nxd4 Bc5 6. Nxc6 bxc6 7. Nc3 Nf6 8.
Bg5 d5 9. exd5 cxd5 10. Bb5+ Bd7 11. Bxd7+ Qxd7 12. Bxf6 gxf6 13. O-O Rg8 14. g3
f5 15. Qf3 Rb8 16. a3 Rxb2 17. Rfb1 Bxa3 18. Rxb2 Bxb2 19. Ra2 Bc1 20. Ne2 Bg5
21. Qb3 Ke7 22. Nd4 h5 23. Nb5 Ra8 24. Ra4 a6 25. Qa3+ Kf6 26. Rxa6 Rb8 27. Nc3
d4 28. Ne2 Rb1+ 29. Kg2 h4 30. Rd6 Qb7+ 31. f3 Qb5 32. Qd3 Qxd3 33. cxd3 Rb2 34.
Kf1 hxg3 35. hxg3 Be3 36. Nxd4 Rf2+ 37. Ke1 Rg2 38. Ne2 Bc5 39. Rc6 Bb4+ 40. Kf1
Rh2 41. d4 Rh1+ 42. Kf2 Kg5 43. f4+ Kg4 44. Rc7 Rh7 45. Kg2 Be1 46. Nc1 Bxg3 47.
Ne2 Bxf4 48. Rc4 Rh2+ 49. Kf1 Kf3 0-1

[Event "AUTO-INT-2079"]
[Site "http://www.queenalice.com/game.php?id=957720"]
[Date "2011.7.7"]
[Round "1"]
[White "MarceloF"]
[Black "imbroisi"]
[Result "1-0"]
[WhiteElo "1755"]
[BlackElo "1636"]

1. e4 e5 2. Nf3 Nc6 3. Bc4 Bc5 4. c3 Nf6 5. d4 exd4 6. Nbd2 dxc3 7. bxc3 d5 8.
exd5 Nxd5 9. Ne4 Bf5 10. Nxc5 Nxc3 11. Qxd8+ Rxd8 12. Bd2 Nd4 13. Bxc3 Nc2+ 14.
Ke2 Nxa1 15. Bxa1 O-O 16. Nxb7 Be4 17. Nxd8 Rxd8 18. Rd1 Re8 19. Ne5 Bxg2 20.
Bxf7+ 1-0